Návrh na zdokonalenie systému riadenia v podniku A-T, s.r.o.

Guardado en:
Detalles Bibliográficos
Autor principal: Vančo, Andrej (Autor)
Otros Autores: Čambál, Miloš (Orientador)
Formato: Manuscrito Libro
Lenguaje:eslovaco
Publicado: 2018
Materias:
Acceso en línea:http://is.stuba.sk/zp/portal_zp.pl?podrobnosti=138597
Etiquetas: Agregar Etiqueta
Sin Etiquetas, Sea el primero en etiquetar este registro!

MARC

LEADER 00000ntm a22000003a 4500
001 stuzp68455
003 SK-STU
005 20180820160412.7
007 ta
008 150427s2015----xo-----f-mn---000-0-slo-d
040 |a STU  |b slo 
041 0 |a slo 
100 1 |a Vančo, Andrej  |u 064000  |4 aut  |U MTF Materiálovotechnologická fakulta  |T MTF Ústav priemyselného inžinierstva a manažmentu  |X 53157  |U M4000  |Y 84  |7 53157 
242 0 1 |a Proposal to improve of management system in the company A-T, s.r.o.  |y eng 
245 1 0 |a Návrh na zdokonalenie systému riadenia v podniku A-T, s.r.o. 
260 |c 2018 
650 4 |a manažment  |2 slo 
650 4 |a riadenie  |2 slo 
650 4 |a systém riadenia  |2 slo 
650 4 |a management  |2 eng 
650 4 |a supervision  |2 eng 
650 4 |a management system  |2 eng 
700 1 |a Čambál, Miloš  |u 064000  |k Z1  |4 ths  |U MTF Materiálovotechnologická fakulta  |T MTF Ústav priemyselného inžinierstva a manažmentu  |X 279  |U M4000  |Y 84  |7 A000000279 
856 4 |u http://is.stuba.sk/zp/portal_zp.pl?podrobnosti=138597 
996 |c M* DP-13791  |l MMSKP  |s P  |a 0  |w stuzp68455_0001